[Event "Titled Tuesday intern op 04th Jul Late"]
[Site "Chess.com INT"]
[Date "2023.07.04"]
[Round "5"]
[White "Daggupati, Balaji"]
[Black "Koc, Przemyslaw"]
[Result "1-0"]
[WhiteElo "2494"]
[BlackElo "2346"]
[PlyCount "137"]
[EventDate "2023.07.04"]
[EventType "swiss (blitz)"]
[EventRounds "11"]
[EventCountry "USA"]
[SourceTitle "EXT 2024"]
[Source "ChessBase"]
[SourceDate "2023.10.10"]
[SourceVersion "1"]
[SourceVersionDate "2023.10.10"]
[SourceQuality "1"]

1. e4 d6 2. d4 Nf6 3. Nc3 e5 4. dxe5 dxe5 5. Qxd8+ Kxd8 6. Bc4 Be6 7. Bxe6 fxe6 8. f3 Nc6 9. Be3 Bd6 10. 0-0-0 Ke7 11. Nge2 a6 12. Na4 Nd7 13. Kb1 b5 14. Nac3 Rhb8 15. Rd2 a5 16. h4 a4 17. h5 Na5 18. Bg5+ Ke8 19. h6 g6 20. b3 axb3 21. cxb3 Nc6 22. Rc1 Ra6 23. Nd1 Rba8 24. Nec3 Nd4 25. Be3 b4 26. Bxd4 exd4 27. Nb5 c5 28. Nxd6+ Rxd6 29. Nb2 e5 30. Nd3 Ra5 31. Rc4 g5 32. Rdc2 Rxh6 33. Nxc5 Nxc5 34. Rxc5 Rh1+ 35. Kb2 Rxc5 36. Rxc5 h6 37. Rxe5+ Kf7 38. Rb5 Rh2 39. Rxb4 Rxg2+ 40. Ka3 h5 41. Rxd4 h4 42. Rd7+ Ke6 43. Rh7 Rf2 44. b4 Rxf3+ 45. Ka4 h3 46. b5 g4 47. b6 Rf8 48. Kb5 Rg8 49. b7 g3 50. Rg7 Rxg7 51. b8Q g2 52. Qe8+ Kf6 53. e5+ Kf5 54. Qf8+ Kg6 55. Qf6+ Kh7 56. Qh4+ Kg8 57. Qc4+ Kh8 58. Qc8+ Kh7 59. Qxh3+ Kg8 60. Qe6+ Kh7 61. Qf5+ Kg8 62. Qc8+ Kh7 63. Qc2+ Kg8 64. Qb3+ Kh7 65. Qb1+ Kh6 66. Qg1 Rg5 67. Kc4 Kg6 68. Kd5 Kf5 69. e6 1-0

[Event "Titled Tuesday intern op 04th Jul Late"]
[Site "Chess.com INT"]
[Date "2023.07.04"]
[Round "3"]
[White "Koc, Przemyslaw"]
[Black "Martinez Ramirez, Lennis"]
[Result "1-0"]
[WhiteElo "2346"]
[BlackElo "2426"]
[PlyCount "89"]
[EventDate "2023.07.04"]
[EventType "swiss (blitz)"]
[EventRounds "11"]
[EventCountry "USA"]
[SourceTitle "EXT 2024"]
[Source "ChessBase"]
[SourceDate "2023.10.10"]
[SourceVersion "1"]
[SourceVersionDate "2023.10.10"]
[SourceQuality "1"]

1. d4 c5 2. c3 Nf6 3. Nf3 d5 4. e3 Nc6 5. Bd3 Bg4 6. Nbd2 a6 7. h3 Bh5 8. 0-0 e6 9. Qc2 Bg6 10. dxc5 Bxc5 11. b4 Bd6 12. Bb2 Rc8 13. a3 0-0 14. Bxg6 hxg6 15. c4 e5 16. Qb3 e4 17. Nd4 Qe7 18. cxd5 Ne5 19. Rac1 Nd3 20. Rxc8 Rxc8 21. Ba1 Qe5 22. N4f3 Qf5 23. Nd4 Qe5 24. N4f3 Qe8 25. Nd4 g5 26. Nf5 Bf8 27. Bxf6 gxf6 28. Ng3 f5 29. Nxf5 Qe5 30. Ng3 f5 31. f4 gxf4 32. exf4 Qd4+ 33. Kh2 Rc3 34. Qd1 Nf2 35. Qh5 Qxd2 36. Qg6+ Bg7 37. Nxf5 Rxh3+ 38. gxh3 Ng4+ 39. Kg3 Qh2+ 40. Kxg4 Qg2+ 41. Ng3 e3 42. Qe6+ Kh7 43. Qxe3 Qb2 44. d6 Bf6 45. d7 1-0

[Event "Titled Tuesday intern op 04th Jul Late"]
[Site "Chess.com INT"]
[Date "2023.07.04"]
[Round "2"]
[White "Koc, Przemyslaw"]
[Black "Weetik, Vjacheslav"]
[Result "0-1"]
[WhiteElo "2346"]
[BlackElo "2423"]
[PlyCount "54"]
[EventDate "2023.07.04"]
[EventType "swiss (blitz)"]
[EventRounds "11"]
[EventCountry "USA"]
[SourceTitle "EXT 2024"]
[Source "ChessBase"]
[SourceDate "2023.10.10"]
[SourceVersion "1"]
[SourceVersionDate "2023.10.10"]
[SourceQuality "1"]

1. d4 Nf6 2. Nf3 g6 3. Bg5 Bg7 4. Nbd2 d5 5. e3 0-0 6. Bd3 Nbd7 7. 0-0 c5 8. c3 Re8 9. b4 c4 10. Bc2 h6 11. Bh4 a5 12. b5 a4 13. a3 Qa5 14. Nb1 Qxb5 15. Nbd2 Qa5 16. Rc1 Qxc3 17. Bxg6 Qxa3 18. Bb1 c3 19. Bxf6 Nxf6 20. e4 cxd2 21. Nxd2 dxe4 22. Nxe4 Nxe4 23. Bxe4 Qd6 24. d5 a3 25. Qb3 a2 26. Qb5 Bd7 27. Qxb7 a1Q 0-1

[Event "Titled Tuesday intern op 27th Jun Late"]
[Site "Chess.com INT"]
[Date "2023.06.27"]
[Round "2"]
[White "Daggupati, Balaji"]
[Black "Koc, Przemyslaw"]
[Result "1-0"]
[WhiteElo "2494"]
[BlackElo "2346"]
[PlyCount "137"]
[EventDate "2023.06.27"]
[EventType "swiss (blitz)"]
[EventRounds "11"]
[EventCountry "USA"]
[SourceTitle "EXT 2024"]
[Source "ChessBase"]
[SourceDate "2023.10.10"]
[SourceVersion "1"]
[SourceVersionDate "2023.10.10"]
[SourceQuality "1"]

1. e4 e5 2. Nf3 Nf6 3. Nc3 d6 4. d4 Nbd7 5. Bc4 Be7 6. 0-0 c6 7. a4 b6 8. Bxf7+ Kxf7 9. Ng5+ Kg8 10. Ne6 Qe8 11. Nc7 Qd8 12. Ne6 Qe8 13. Nc7 Qd8 14. Nxa8 Ba6 15. dxe5 dxe5 16. Nxb6 axb6 17. Re1 h6 18. Qf3 Kh7 19. Qf5+ g6 20. Qe6 Rf8 21. Qxc6 Nc5 22. a5 bxa5 23. Be3 Bb7 24. Qb5 Qc7 25. Red1 Ncxe4 26. Bb6 Nxc3 27. bxc3 Qxc3 28. Bxa5 Qc6 29. Qxc6 Bxc6 30. Bb6 Nd5 31. Ra7 Rf7 32. Bc5 Kg7 33. Rxd5 Bxd5 34. Bxe7 e4 35. Rc7 g5 36. Kf1 Kg6 37. Ke2 Kf5 38. c4 Be6 39. c5 Ke5 40. Bd6+ Kd5 41. Rxf7 Bxf7 42. Be7 g4 43. Ke3 h5 44. Kf4 Be8 45. g3 Bf7 46. Kg5 Be8 47. Kf6 Bd7 48. Kg6 Be8+ 49. Kg7 Ke6 50. Bd6 Kd5 51. Bf8 Bd7 52. Kf7 Bc6 53. Kf6 Be8 54. Kg5 Kc6 55. Kf5 Kd5 56. Kf4 Bd7 57. Kg5 Be8 58. Kh4 Kd4 59. h3 gxh3 60. Kxh3 Kd3 61. Bh6 Ke2 62. Be3 Kf3 63. Kh4 Ke2 64. Kg5 Kd3 65. Kf6 Kc4 66. Ke7 Bb5 67. Kd6 Ba4 68. c6 Kb5 69. c7 1-0

[Event "Titled Tuesday intern op 20th Jun Late"]
[Site "Chess.com INT"]
[Date "2023.06.20"]
[Round "1"]
[White "Saric, Ivan"]
[Black "Koc, Przemyslaw"]
[Result "1-0"]
[WhiteElo "2670"]
[BlackElo "2346"]
[PlyCount "59"]
[EventDate "2023.06.20"]
[EventType "swiss (blitz)"]
[EventRounds "11"]
[EventCountry "USA"]
[SourceTitle "EXT 2024"]
[Source "ChessBase"]
[SourceDate "2023.10.10"]
[SourceVersion "1"]
[SourceVersionDate "2023.10.10"]
[SourceQuality "1"]

1. e4 e5 2. Nf3 Nf6 3. Nc3 d6 4. d4 Nbd7 5. Bc4 Be7 6. a4 c6 7. 0-0 0-0 8. h3 b6 9. Re1 a6 10. Be3 Bb7 11. Ba2 b5 12. axb5 axb5 13. b4 Qc7 14. Qd3 h6 15. Bb3 exd4 16. Nxd4 Ne5 17. Qd2 Rxa1 18. Rxa1 Ra8 19. Rd1 Bf8 20. Nf5 Rd8 21. Bd4 Re8 22. Qf4 c5 23. bxc5 dxc5 24. Nxb5 Qb8 25. Bxe5 Qxe5 26. Qxe5 Rxe5 27. Nfd6 Bxd6 28. Nxd6 Re7 29. e5 Rxe5 30. Nxb7 1-0

[Event "Titled Tuesday intern op 30th May Late"]
[Site "Chess.com INT"]
[Date "2023.05.30"]
[Round "2"]
[White "Koc, Przemyslaw"]
[Black "Halkias, Stelios"]
[Result "0-1"]
[WhiteElo "2346"]
[BlackElo "2511"]
[PlyCount "116"]
[EventDate "2023.05.30"]
[EventType "swiss (blitz)"]
[EventRounds "11"]
[EventCountry "USA"]
[SourceTitle "CBM 214 Extra"]
[Source "ChessBase"]
[SourceDate "2023.07.31"]
[SourceVersion "1"]
[SourceVersionDate "2023.07.31"]
[SourceQuality "1"]

1. Nf3 Nf6 2. g3 g6 3. b3 Bg7 4. Bb2 0-0 5. Bg2 d6 6. d4 a5 7. Nc3 d5 8. 0-0 c6 9. Re1 Bf5 10. Nh4 Bg4 11. h3 Bc8 12. Kh2 Nbd7 13. Nf3 Re8 14. e4 dxe4 15. Ng5 Nd5 16. Ngxe4 Nxc3 17. Bxc3 a4 18. Qd2 Nb6 19. Rad1 Nd5 20. Ba1 axb3 21. axb3 Ra2 22. Nc3 Rxa1 23. Rxa1 Nxc3 24. Qxc3 Bxd4 25. Qb4 Bxa1 26. Rxa1 Qd6 27. Qb6 Qd8 28. Qxd8 Rxd8 29. Ra8 Kf8 30. b4 Ke8 31. Rb8 Kd7 32. c4 Kc7 33. Ra8 Rd4 34. Bf1 Rd1 35. Bg2 Rb1 36. Ra4 Be6 37. c5 Rb2 38. Kg1 Bf5 39. h4 Bc2 40. Ra8 Rxb4 41. Rh8 h5 42. Rf8 Bb3 43. Bh3 b6 44. Rc8+ Kb7 45. Re8 bxc5 46. Rxe7+ Kb6 47. Bc8 Bd5 48. f4 c4 49. Kf2 Kc5 50. f5 Rb2+ 51. Ke3 Rb3+ 52. Kd2 Rxg3 53. fxg6 fxg6 54. Rg7 Kd4 55. Bd7 c3+ 56. Ke1 c2 57. Kd2 Rg2+ 58. Kc1 Kc3 0-1

[Event "Titled Tuesday intern op 16th May Late"]
[Site "Chess.com INT"]
[Date "2023.05.16"]
[Round "1"]
[White "Koc, Przemyslaw"]
[Black "Pakleza, Zbigniew"]
[Result "0-1"]
[WhiteElo "2346"]
[BlackElo "2494"]
[PlyCount "124"]
[EventDate "2023.05.16"]
[EventType "swiss (blitz)"]
[EventRounds "11"]
[EventCountry "USA"]
[SourceTitle "CBM 214 Extra"]
[Source "ChessBase"]
[SourceDate "2023.07.31"]
[SourceVersion "1"]
[SourceVersionDate "2023.07.31"]
[SourceQuality "1"]

1. d4 d6 2. e4 Nf6 3. Nc3 c6 4. Bg5 Qb6 5. Rb1 Nbd7 6. Nf3 e5 7. Be2 Be7 8. 0-0 0-0 9. a4 Re8 10. h3 Bf8 11. Be3 Qc7 12. d5 cxd5 13. exd5 Nc5 14. Nd2 Bf5 15. b4 Ncd7 16. Nb5 Qb8 17. Rc1 a6 18. Na3 Nxd5 19. c4 Nxb4 20. Qb3 Nc6 21. Bf3 Nc5 22. Bxc5 dxc5 23. Bd5 Nd4 24. Qe3 Bg6 25. Ne4 Qc7 26. Nb1 Kh8 27. Nbc3 Rab8 28. Kh1 h6 29. h4 f5 30. Nd2 Be7 31. Qh3 Bh5 32. f3 Bf6 33. Rb1 b6 34. Rfe1 Bg6 35. h5 Bh7 36. Rb2 Qd7 37. Nf1 b5 38. axb5 axb5 39. cxb5 Nxb5 40. Reb1 e4 41. Rxb5 Rxb5 42. Nxb5 Qxd5 43. Nc7 Qd3 44. Re1 Rc8 45. Ne6 exf3 46. gxf3 Re8 47. Qg3 Qd7 48. Nf4 Rxe1 49. Qxe1 Qd8 50. Qe6 Bg5 51. Nd5 Bg8 52. Qxf5 Qxd5 53. Qg6 Qxf3+ 54. Kg1 Qf7 55. Qe4 Qxh5 56. Ng3 Qf7 57. Kh2 c4 58. Nf5 c3 59. Nd4 Qf4+ 60. Qxf4 Bxf4+ 61. Kg2 Be5 62. Nc2 Bh7 0-1

[Event "Titled Tuesday intern op 09th May Late"]
[Site "Chess.com INT"]
[Date "2023.05.09"]
[Round "1"]
[White "Paravyan, David"]
[Black "Koc, Przemyslaw"]
[Result "1-0"]
[WhiteElo "2601"]
[BlackElo "2346"]
[PlyCount "43"]
[EventDate "2023.05.09"]
[EventType "swiss (blitz)"]
[EventRounds "11"]
[EventCountry "USA"]
[SourceTitle "CBM 214 Extra"]
[Source "ChessBase"]
[SourceDate "2023.07.31"]
[SourceVersion "1"]
[SourceVersionDate "2023.07.31"]
[SourceQuality "1"]

1. e4 e5 2. Nf3 Nf6 3. d4 Nxe4 4. dxe5 d5 5. Nbd2 Bf5 6. Nd4 Bg6 7. Nxe4 dxe4 8. Be3 Be7 9. h4 h5 10. Qd2 Nc6 11. 0-0-0 Nxd4 12. Bxd4 0-0 13. Bc4 c6 14. Kb1 b5 15. Be2 c5 16. Be3 c4 17. Qc1 Qc7 18. g4 hxg4 19. h5 Bh7 20. h6 g6 21. e6 f5 22. Rd7 1-0